Nalaganje...

The devil and commodity fetishism in South America /

Bibliografske podrobnosti
Glavni avtor: Taussig, Michael T.
Format: Printed Book
Jezik:English
Izdano: Chapel Hill : University of North Carolina Press, c1980.
Teme:
LEADER 00999cam a2200265 i 4500
008 811218s1980 ncu b 001 0 eng
010 |a  79017685  
020 |a 0807814121 
020 |a 0807841064(pbk.) 
082 |a 330.98 
100 1 |a Taussig, Michael T. 
245 1 4 |a The devil and commodity fetishism in South America /  |c Michael T. Taussig. 
260 |a Chapel Hill :  |b University of North Carolina Press,  |c c1980. 
300 |a xiii, 264 p. ;  |c 24 cm. 
500 |a Includes index. 
500 |a Issued with various printing dates. 
504 |a Bibliography: p. [235]-255. 
650 0 |a Economic development  |x Social aspects  |v Case studies. 
650 0 |a Plantations  |z Colombia  |z Cauca River Valley. 
650 0 |a Tin mines and mining  |z Bolivia. 
650 0 |a Superstition  |v Case studies. 
942 |c REF 
900 |a AUTH 
999 |c 284545  |d 284545 
952 |0 0  |1 0  |4 0  |6 330_980000000000000_TAU_D  |7 0  |9 322797  |a FLK  |b FLK  |c REF  |d 2016-03-05  |i 1961  |l 0  |o 330.98 TAU/D  |p FLK1961  |r 2016-03-05  |w 2016-03-05  |y REF